| 000 | 00399nam a2200109Ia 4500 | ||
|---|---|---|---|
| 008 | 160909s9999 xx 000 0 und d | ||
| 100 | _aWalsh, Brian P. | ||
| 245 | 4 | _aThe rape of Tokyo: Legends of mass sexual violence and exploitation during the occupation of Japan | |
| 260 |
_bPrinceton University. _c2016 |
||
| 650 | _aMASS COM | ||
| 856 | _uhttp://pqdtopen.proquest.com/doc/1796056770.html?FMT=ABS | ||
| 999 |
_c304248 _d304248 |
||